Pilotos F1 2025 - Estadísticas

Estadísticas generales
  • Esta prueba ha sido intentada 254 veces
  • La puntuación promedio es 14 de 20
Estadísticas de respuestas
Hint Respuesta % Correcto
MCLAREN Lando Norris
97%
RED BULL Max Verstappen
96%
FERRARI Lewis Hamilton
93%
MCLAREN Oscar Piastri
92%
FERRARI Charles Leclerc
90%
ASTON MARTIN Fernando Alonso
90%
WILLIAMS Carlos Sainz
79%
RB Yuki Tsunoda
79%
ASTONMARTIN Lance Stroll
78%
RED BULL Liam Lawson
72%
MERCEDES Kimi Antonelli
70%
ALPINE Pierre Gasly
67%
HAS Esteban Ocon
65%
WILLIAMS Alexander Albon
50%
KICK SAUBER Nico Hulkenberg
50%
HAS Oliver Bearman
50%
KICK SAUBER Gabriel Bortoleto
48%
RB Isack hadjar
43%
ALPINE Jack Doohan
42%
MERCEDES Gorge Rusell
8%
No se encontraron pruebas coincidentes
Distribución de puntuación
Porcentaje de gente con cada puntuación
Porcentaje por número respondido
Historial de tus puntuaciones
No has intentado esta prueba.